000 00631nam a2200241 i 4500
001 94176
003 ES-MaACL
005 20250401063049.0
007 t|
008 050630s2004 sp ||||1| spa d
020 _a84-350-0930-0
080 _a821.134.2-31"19"
100 _aHériz, Enrique de,
_d1964-2019
_9184320
245 1 0 _aMentira /
_cEnrique de Hériz.
250 _a1ª ed., 7ª reimp.
260 _aBarcelona :
_bEdhasa,
_c2004.
300 _a635 p. ;
_c24 cm.
490 1 _aNovela
830 0 _aNovela
_9179893
852 _aES-MaACL
_jL-29239
_bR.135789
942 _2udc
999 _c94176
_d94176